[Event "FRA-chT U20"]
[Site "Mulhouse"]
[Date "2005.12.19"]
[Round "?"]
[White "Thomas, Bastien"]
[Black "Ketani, Yanis"]
[Result "0-1"]
[WhiteElo "1440"]
[BlackElo "1220"]
[PlyCount "70"]
[EventDate "2005.12.??"]
[EventType "team-tourn"]
[EventRounds "11"]
[EventCountry "FRA"]
[SourceTitle "EXT 2007"]
[Source "ChessBase"]
[SourceDate "2006.11.23"]
[SourceVersion "1"]
[SourceVersionDate "2006.11.23"]
[SourceQuality "1"]
[WhiteTeam "Niort"]
[BlackTeam "Vandoeuvre"]
[WhiteTeamCountry "FRA"]
[BlackTeamCountry "FRA"]

1. d4 d5 2. Nf3 Nc6 3. Bf4 Bf5 4. e3 Nf6 5. Nbd2 e6 6. c3 Bd6 7. h3 Qd7 8. g4 Be4 9. Nxe4 Nxe4 10. Nd2 Nxd2 11. Qxd2 0-0-0 12. Bd3 e5 13. Bg3 exd4 14. Bxd6 dxe3 15. Qxe3 Rhe8 16. Bf5 Rxe3+ 17. fxe3 Qxf5 18. gxf5 Rxd6 19. 0-0-0 Ne7 20. Rhf1 Rh6 21. Rde1 Rxh3 22. f6 Ng8 23. fxg7 Rg3 24. Rxf7 Nh6 25. g8Q+ Nxg8 26. Rxh7 Nf6 27. Rf7 Ng4 28. Rh1 b6 29. Rh8+ Kb7 30. Rh1 Nxe3 31. Re7 Nc4 32. Rhh7 Rg1+ 33. Kc2 Rg2+ 34. Kb3 Rxb2+ 35. Ka4 b5# 0-1

[Event "FRA-chT U20"]
[Site "Mulhouse"]
[Date "2005.12.18"]
[Round "4"]
[White "Thomas, Bastien"]
[Black "Minla, Constantin"]
[Result "1/2-1/2"]
[WhiteElo "1220"]
[BlackElo "1500"]
[PlyCount "69"]
[EventDate "2005.12.??"]
[EventType "team-tourn"]
[EventRounds "11"]
[EventCountry "FRA"]
[SourceTitle "EXT 2007"]
[Source "ChessBase"]
[SourceDate "2006.11.23"]
[SourceVersion "1"]
[SourceVersionDate "2006.11.23"]
[SourceQuality "1"]
[WhiteTeam "Niort"]
[BlackTeam "Mulhouse"]
[WhiteTeamCountry "FRA"]
[BlackTeamCountry "FRA"]

1. e4 c5 2. Nc3 Nc6 3. f4 e6 4. Bc4 g6 5. Nf3 Nge7 6. 0-0 Bg7 7. d3 0-0 8. Qe1 d6 9. Qh4 Bd7 10. f5 exf5 11. Bh6 Nc8 12. Ng5 Qf6 13. Nd5 Qe5 14. Nc7 Rb8 15. Bxf7+ Rxf7 16. Nxf7 Kxf7 17. c3 Bxh6 18. Qxh6 Qg7 19. Qxg7+ Kxg7 20. exf5 Bxf5 21. Rad1 Nb6 22. d4 cxd4 23. cxd4 Rc8 24. Nb5 d5 25. Nd6 Rf8 26. Nxb7 Rf7 27. Nd6 Rf8 28. h3 Nc8 29. Nxf5+ gxf5 30. g4 fxg4 31. Rxf8 Kxf8 32. hxg4 Kg7 33. Kg2 Kg6 34. Kg3 a6 35. a4 1/2-1/2

[Event "FRA-chT U20 0506"]
[Site "France"]
[Date "2005.11.13"]
[Round "3.8"]
[White "Thomas, Bastien"]
[Black "Savalle, Mathilde"]
[Result "1-0"]
[WhiteElo "1220"]
[BlackElo "1380"]
[PlyCount "53"]
[EventDate "2005.11.12"]
[EventType "team-tourn"]
[EventRounds "3"]
[EventCountry "FRA"]
[SourceTitle "CBM 109 Extra"]
[Source "ChessBase"]
[SourceDate "2006.01.03"]
[SourceVersion "2"]
[SourceVersionDate "2006.01.03"]
[SourceQuality "1"]

1. d4 d5 2. Nf3 Nf6 3. g3 g6 4. Bg2 Bg7 5. 0-0 0-0 6. Nc3 Nbd7 7. Bf4 c5 8. dxc5 Nxc5 9. Qd2 Nce4 10. Nxe4 Nxe4 11. Qe3 Bxb2 12. Rad1 Nc3 13. Rd3 Bf5 14. Rxc3 Bxc3 15. Qxc3 Rc8 16. Qa1 f6 17. Bh6 Re8 18. Ng5 Rxc2 19. Rd1 Rc5 20. e4 Qc8 21. exf5 Qxf5 22. Qd4 Rc4 23. Qxd5+ Qxd5 24. Bxd5+ Kh8 25. Bxc4 fxg5 26. Bxg5 e5 27. Bf7 1-0

[Event "FRA-chT U20 0405"]
[Site "France"]
[Date "2004.11.21"]
[Round "2.8"]
[White "Thomas, Bastien"]
[Black "Chau, Alexandre"]
[Result "0-1"]
[WhiteElo "1009"]
[BlackElo "1100"]
[PlyCount "52"]
[EventDate "2004.11.20"]
[EventType "team-tourn"]
[EventRounds "11"]
[EventCountry "FRA"]
[SourceTitle "CBM 103 Extra"]
[Source "ChessBase"]
[SourceDate "2005.01.01"]
[SourceVersion "1"]
[SourceVersionDate "2005.01.01"]
[SourceQuality "1"]

1. d4 d5 2. e3 Nf6 3. Nf3 Nc6 4. Bd3 Bg4 5. b3 e5 6. Ba3 Bxa3 7. Nxa3 e4 8. Bb5 exf3 9. gxf3 Bh3 10. Bd3 Qd6 11. c3 Qxa3 12. Bc2 0-0-0 13. e4 Rhe8 14. Qe2 Re7 15. e5 Rde8 16. f4 Ng4 17. Bf5+ Kb8 18. Bxg4 Bxg4 19. Qe3 Qb2 20. Rc1 Bf3 21. Rg1 h6 22. Rg3 Bh5 23. Rxg7 Re6 24. Qh3 Rg6 25. Qd3 Qxc1+ 26. Qd1 Qxd1# 0-1